The history news : medicine /

Presents in newspaper format the stories of breakthroughs in medicine in many different cultures and lands from the year 8000 B.C. to the 1990s.

Bibliographic Details
Main Author: Gates, Phil
Format: Book
Language:English
Published: Cambridge, Mass : Candlewick Press, 1997.
Subjects:

MARC

Tag First Indicator Second Indicator Subfields
LEADER 00000cam a22000008a 4500
001 in00001404878
005 20151020064036.0
008 970429s1997 mau c b 001 0 eng
010 |a  97014668  
020 |a 0763603163 (hardcover : alk. paper) 
035 |a (OCoLC)36892705 
035 |9 AHP4383AM 
040 |a DLC  |c DLC  |d KKJ  |d TXA  |d UtOrBLW 
049 |a TXAM 
050 0 0 |a R133.5  |b .G37 1997 
082 0 0 |a 610/.9  |2 21 
100 1 |a Gates, Phil. 
245 1 4 |a The history news :  |b medicine /  |c Phil Gates. 
263 |a 9711 
264 1 |a Cambridge, Mass :  |b Candlewick Press,  |c 1997. 
300 |a 32 pages :  |b color illustrations ;  |c 34 cm. 
336 |a text  |b txt  |2 rdacontent 
337 |a unmediated  |b n  |2 rdamedia 
338 |a volume  |b nc  |2 rdacarrier 
504 |a Includes bibliographical references and index. 
520 |a Presents in newspaper format the stories of breakthroughs in medicine in many different cultures and lands from the year 8000 B.C. to the 1990s. 
650 0 |a Medicine  |x History  |v Juvenile literature. 
650 1 |a Medicine  |x History. 
948 |a c:ce 
999 |a MARS 
999 f f |s d0ce155d-3abb-3086-9d8c-ac37311ac119  |i 7755b29c-e23c-318e-aa74-9c4572190808  |t 0 
952 f f |p ric  |a Texas A&M University  |b Rellis Campus  |c Joint Library Facility  |d Remote Storage  |t 0  |e R133.5 .G37 1997  |f Oversize  |h Library of Congress classification  |i unmediated -- volume  |m A14823419445 
998 f f |a R133.5 .G37 1997  |t 0  |l Remote Storage